Konkurencieschopnosť malých a stredných podnikov Slovenska na európskom trhu

Bibliographic Details
Main Authors: Čihovská, Viera, 1948- (Author), Orfánusová, Veronika, 1984- (Author)
Format: Article
Language:Slovak

MARC

LEADER 00000nab a2200000 a 4500
001 vtls011120052
003 SK-MaSNL
005 20260303145453.0
008 230222|2012 xo |||||||||||||||||slo|
015 |a SNBRB 
035 |a (uuid)618b6d43-c123-46ee-8b65-ab8c34c113dc 
035 |a (urnnbn)urn:nbn:sk:snk:ar-a08p3p 
035 |a urn:nbn:sk:snk-ab9qni 
040 |a SNKBUCL  |b slo  |c SNKBUCL  |e AACR2 
041 0 |a slo 
044 |a xo  |c SK 
100 1 |a Čihovská, Viera,  |d 1948-  |4 aut  |9 109733 
245 1 0 |a Konkurencieschopnosť malých a stredných podnikov Slovenska na európskom trhu  |c Viera Čihovská, Veronika Nekolová 
246 3 |a The Competitiveness of Slovak SMEs in the European Market 
700 1 |a Orfánusová, Veronika,  |d 1984-  |4 aut  |9 216464 
773 0 |t Studia commercialia Bratislavensia : vedecký časopis Obchodnej fakulty Ekonomickej univerzity v Bratislave  |g Roč. 5, č. 3 (2012), s. 337-349 
954 |a odborná, vedecká literatúra pôvodná (slovenská)  |2 lita 
958 |a OND 
958 |a EUIPO 
958 |a article13 
999 |c 2003178  |d 2005108